000 00539nam a2200193Ia 4500
999 _c15091
_d15091
003 OSt
005 20201113122233.0
008 190216s9999||||xx |||||||||||||| ||und||
020 _a9788172450069
040 _coclc
082 _a428.1
_bPHI/S
100 _aPhilips, Sam
_96564
245 0 _a3000 Synonyms And Antonyms /
_cSam Phillips
250 _a1st Ed.
260 _bGood Will Publishing House,
_c2000.
_aNew delhi:
300 _a158p
650 _aEnglish
942 _cBK
_2ddc
_h428.1
_iPHI/S
_k428.1
_mPHI/S